000 00828nam a2200241 i 4500
003 DO-SdBNP
005 20250116073946.0
006 a||||br 00| 0
007 ta
008 241017s1990 a 000 spa d
040 _aDO-SdBNP
_bspa
_cBNPHU
_erda
082 4 _bS446c
_222
110 1 _aRepública Dominicana.
_bSecretaría de Estado de Educación, Bellas Artes y Cultos
_eautor
_923965
245 1 0 _aCaminito:
_blibro de lectura primer grado de educación primaria.
264 1 _aSanto Domingo :
_bSecretaría de Estado de Educación, Bellas Artes y Cultos,
_c1990
300 _a101 páginas :
_bIlustraciones ;
_c25 cm
336 _2rdacontent
_atexto
_btxt
337 _2rdamedia
_asin mediación
_bn
338 _2rdacarrier
_avolumen
_bnc
590 _aInventariado 2024 / DG
910 _aDG
942 _2ddc
_cLBS1
999 _c57895
_d57895